000 00824cam a22002531 4500
001 17321
003 BD-RjUL
005 20211209000124.0
008 140216r19691964enka 000 0 eng
035 _a(BD-RjUL)17379
035 _a(OCoLC)2160949
040 _aDLC
_cOClU
_dBD-RjUL
_beng
041 _aeng
082 0 0 _a671.202
_bFOF 1969
110 2 _aFoseco International Limited.
_bInformation Department.
_953399
245 1 4 _aThe Foseco foundryman's handbook :
_bfacts, figures, and formulae /
_cFoseco International Limited.
250 _a7th ed., rev. and enl.
260 _aOxford ;
_aNew York :
_bPergamon Press,
_cc1964 [Reprinted 1969].
300 _a387p. :
_billus. ;
_c15cm.
650 0 _aFounding
_vHandbooks, manuals, etc.
_953375
942 _2ddc
_cBK
999 _c17321
_d17321